Alternatívne formy investovania - investícia do vína
Investovanie do vína ako forma investície, ktorá môže byť v budúcnosti ohrozená vysokým dopytom. Vybrané druhy a celkový výber vhodného investičného vína, zhodnotenie a postupy jeho obstarania.
Salvato in:
| Autore principale: | |
|---|---|
| Altri autori: | |
| Natura: | Capitolo di libro |
| Lingua: | slovacco |
| Soggetti: | |
| Tags: |
Nessun Tag, puoi essere il primo ad aggiungerne!!
|
MARC
| LEADER | 00000nla a2200000 4500 | ||
|---|---|---|---|
| 001 | 0166194 | ||
| 005 | 20240502072910.0 | ||
| 041 | 0 | |a slo | |
| 044 | |a SK | ||
| 245 | 1 | 0 | |a Alternatívne formy investovania - investícia do vína |c Peter Kardoš, Milan Hutera |
| 520 | |a Investovanie do vína ako forma investície, ktorá môže byť v budúcnosti ohrozená vysokým dopytom. Vybrané druhy a celkový výber vhodného investičného vína, zhodnotenie a postupy jeho obstarania. | ||
| 610 | 2 | 0 | |a investovanie |
| 610 | 2 | 0 | |a stratégia investičná |
| 610 | 2 | 0 | |a zámery investičné |
| 610 | 2 | 0 | |a investície |
| 610 | 2 | 0 | |a produkcia |
| 610 | 2 | 0 | |a výnosy |
| 610 | 2 | 0 | |a komodity |
| 610 | 2 | 0 | |a víno |
| 100 | 1 | |a Kardoš, Peter | |
| 700 | 1 | |a Hutera, Milan | |